Movies Quiz

Random Movies or Actor Quiz

Movie Couples II (1990s) Quiz Stats

 Plays Quiz Updated Nov 3, 2015

Challenge
Share
Tweet
Embed
Score 0/70 Timer 10:00
2 Plays Today
% Correct
Tom Hanks
96.1%
Tom Cruise
94.1%
Meg Ryan
91.7%
Robin Williams
90.7%
Jim Carrey
86.9%
Keanu Reeves
86.3%
Mike Myers
83.9%
Eddie Murphy
79.4%
Leonardo DiCaprio
79.1%
Jodie Foster
78.7%
Antonio Banderas
78.4%
Anthony Hopkins
73.5%
Julia Roberts
68.9%
Kathy Bates
68.7%
Catherine Zeta-Jones
68%
Cameron Diaz
67.6%
Helen Hunt
66.9%
Hugh Grant
65.4%
Renée Zellweger
61.9%
Sally Field
61.5%
Pierce Brosnan
61%
Sandra Bullock
59.3%
Val Kilmer
59.1%
Michael Douglas
59.1%
Woody Harrelson
55.3%
Claire Danes
54.6%
Sean Penn
54.3%
Susan Sarandon
54.1%
James Caan
53.1%
Denzel Washington
52.9%
Reese Witherspoon
49.4%
Ben Affleck
47.8%
John Cusack
46.5%
Tobey Maguire
46.2%
Natalie Portman
44%
% Correct
Bill Paxton
43.5%
Annette Bening
43.5%
Dan Aykroyd
42.3%
Mel Gibson
42.2%
Nicole Kidman
42.1%
Richard Gere
40.1%
Matthew Perry
39.8%
Goldie Hawn
39.5%
Rene Russo
38.8%
Heather Graham
38.8%
Juliette Lewis
38.1%
Bill Pullman
37.9%
Salma Hayek
37.7%
Kevin Costner
37.5%
Janet Jackson
36.6%
Andie MacDowell
36.1%
Liam Neeson
34.8%
Nicolas Cage
34.1%
Carrie-Anne Moss
33.2%
Jada Pinkett
31.4%
Ethan Hawke
28.7%
Billy Crystal
28.6%
Jane Curtin
28%
Minnie Driver
26.6%
Jean Reno
26.4%
Michelle Pfeiffer
26.2%
Shirley MacLaine
22.9%
Joey Lauren Adams
22.3%
Tupac Shakur
20.3%
Daniel Day-Lewis
19%
Robin Wright
18%
Julie Delpy
17.7%
Debra Winger
14.2%
Jessica Lange
11.5%
Laura Linney
11.3%

You're not logged in!

Compare scores with friends on all Sporcle quizzes.
Join for Free
OR
Log In

You Might Also Like...

Show Comments

Extras

Top Quizzes Today


Score Distribution

Your Account Isn't Verified!

In order to create a playlist on Sporcle, you need to verify the email address you used during registration. Go to your Sporcle Settings to finish the process.

Report this User

Report this user for behavior that violates our Community Guidelines.

Details: